<?xml version="1.0" encoding="UTF-8"?>
<record
    xmlns:xsi="http://www.w3.org/2001/XMLSchema-instance"
    xsi:schemaLocation="http://www.loc.gov/MARC21/slim http://www.loc.gov/standards/marcxml/schema/MARC21slim.xsd"
    xmlns="http://www.loc.gov/MARC21/slim">

  <leader>03463njm0a2200409   4500</leader>
  <controlfield tag="001">RU\NLR\ONIZ\196186</controlfield>
  <controlfield tag="005">20250708192021.0</controlfield>
  <datafield tag="035" ind1=" " ind2=" ">
    <subfield code="a">(NLR Aleph) 010403946</subfield>
  </datafield>
  <datafield tag="071" ind1="0" ind2="0">
    <subfield code="a">JMR CD 018</subfield>
  </datafield>
  <datafield tag="090" ind1=" " ind2=" ">
    <subfield code="a">13281843</subfield>
    <subfield code="c">13281843</subfield>
  </datafield>
  <datafield tag="100" ind1=" " ind2=" ">
    <subfield code="a">20110303d2008    |||y0rusy50      ca</subfield>
  </datafield>
  <datafield tag="102" ind1=" " ind2=" ">
    <subfield code="a">RU</subfield>
  </datafield>
  <datafield tag="126" ind1=" " ind2=" ">
    <subfield code="a">bguxhxu      ux</subfield>
    <subfield code="b">xxx</subfield>
  </datafield>
  <datafield tag="127" ind1=" " ind2=" ">
    <subfield code="a">000063</subfield>
  </datafield>
  <datafield tag="200" ind1="1" ind2=" ">
    <subfield code="a">[&#x418;&#x433;&#x440;&#x430;&#x435;&#x442;] &#x41D;&#x438;&#x43D;&#x430; &#x411;&#x435;&#x439;&#x43B;&#x438;&#x43D;&#x430;, &#x441;&#x43A;&#x440;&#x438;&#x43F;&#x43A;&#x430;</subfield>
    <subfield code="b">&#x417;&#x432;&#x443;&#x43A;&#x43E;&#x437;&#x430;&#x43F;&#x438;&#x441;&#x44C;</subfield>
    <subfield code="f">&#x43F;&#x430;&#x440;&#x442;&#x438;&#x44F; &#x444;&#x43F;.: &#x411;. &#x422;&#x438;&#x449;&#x435;&#x43D;&#x43A;&#x43E;</subfield>
  </datafield>
  <datafield tag="210" ind1=" " ind2=" ">
    <subfield code="a">Saint-Petersbourg</subfield>
    <subfield code="c">JMR</subfield>
    <subfield code="d">2008</subfield>
  </datafield>
  <datafield tag="215" ind1=" " ind2=" ">
    <subfield code="a">1 &#x437;&#x432;. &#x434;&#x438;&#x441;&#x43A; (63 &#x43C;&#x438;&#x43D;.), &#x432; &#x444;&#x443;&#x442;&#x43B;.</subfield>
    <subfield code="e">&#x43F;&#x440;&#x438;&#x43B;. (2 &#x441;.)</subfield>
  </datafield>
  <datafield tag="300" ind1=" " ind2=" ">
    <subfield code="a">&#x417;&#x430;&#x43F;&#x438;&#x441;&#x438; 1990 &#x433;. (&#x41B;&#x44E;&#x442;&#x435;&#x440;&#x430;&#x43D;&#x441;&#x43A;&#x430;&#x44F; &#x446;&#x435;&#x440;&#x43A;&#x43E;&#x432;&#x44C; &#x441;&#x432;. &#x415;&#x43A;&#x430;&#x442;&#x435;&#x440;&#x438;&#x43D;&#x44B;, &#x421;&#x430;&#x43D;&#x43A;&#x442;-&#x41F;&#x435;&#x442;&#x435;&#x440;&#x431;.)</subfield>
  </datafield>
  <datafield tag="327" ind1="1" ind2=" ">
    <subfield code="a">1. &#x421;&#x43E;&#x43D;&#x430;&#x442;&#x430; = Sonata : &#x434;&#x43B;&#x44F; &#x43A;&#x43B;&#x430;&#x432;&#x438;&#x440;&#x430; &#x438; &#x441;&#x43A;&#x440;&#x438;&#x43F;&#x43A;&#x438; : &#x444;&#x430; &#x43C;&#x438;&#x43D;. : BWV 1018;</subfield>
    <subfield code="a">2. &#x421;&#x43E;&#x43D;&#x430;&#x442;&#x430; = Sonata : &#x434;&#x43B;&#x44F; &#x43A;&#x43B;&#x430;&#x432;&#x438;&#x440;&#x430; &#x438; &#x441;&#x43A;&#x440;&#x438;&#x43F;&#x43A;&#x438; : &#x434;&#x43E; &#x43C;&#x438;&#x43D;. : BWV 1017 / &#x418;. &#x421;.&#x411;&#x430;&#x445;.</subfield>
    <subfield code="a">3. &#x421;&#x43E;&#x43D;&#x430;&#x442;&#x430; = Sonata : &#x434;&#x43B;&#x44F; &#x441;&#x43A;&#x440;&#x438;&#x43F;&#x43A;&#x438; &#x438; &#x43A;&#x43B;&#x430;&#x432;&#x438;&#x440;&#x430; : &#x441;&#x43E;&#x43B;&#x44C; &#x43C;&#x438;&#x43D;. : &#x441;&#x43E;&#x447;. 134 : (1968) / &#x414;.&#x414;. &#x428;&#x43E;&#x441;&#x442;&#x430;&#x43A;&#x43E;&#x432;&#x438;&#x447;</subfield>
  </datafield>
  <datafield tag="464" ind1=" " ind2="0">
    <subfield code="1">2001#$a&#x421;&#x43E;&#x43D;&#x430;&#x442;&#x430;$dSonata$e&#x434;&#x43B;&#x44F; &#x43A;&#x43B;&#x430;&#x432;&#x438;&#x440;&#x430; &#x438; &#x441;&#x43A;&#x440;&#x438;&#x43F;&#x43A;&#x438;$e&#x444;&#x430; &#x43C;&#x438;&#x43D;.$eBWV 1018$zeng$f&#x418;. &#x421;. &#x411;&#x430;&#x445;</subfield>
    <subfield code="1">6061#$a&#x421;&#x43E;&#x43D;&#x430;&#x442;&#x44B; &#x434;&#x43B;&#x44F; &#x441;&#x43A;&#x440;&#x438;&#x43F;&#x43A;&#x438; &#x438; &#x43A;&#x43B;&#x430;&#x432;&#x438;&#x440;&#x430;$x&#x417;&#x432;&#x443;&#x43A;&#x43E;&#x437;&#x430;&#x43F;&#x438;&#x441;&#x44C;$y&#x413;&#x435;&#x440;&#x43C;&#x430;&#x43D;&#x438;&#x44F;$z18 &#x432;&#x435;&#x43A;$2nlr_sh</subfield>
    <subfield code="1">686##$a&#x429;955.4-041(4&#x413;)$vLBC/SL$2rubbk</subfield>
    <subfield code="1">700#1$9z01790$a&#x411;&#x430;&#x445;$b&#x418;. &#x421;.$g&#x418;&#x43E;&#x433;&#x430;&#x43D;&#x43D; &#x421;&#x435;&#x431;&#x430;&#x441;&#x442;&#x44C;&#x44F;&#x43D;$f1685-1750$4230$7ca</subfield>
    <subfield code="1">790#1$9z01700$aBach$bJ. S.$gJohann Sebastian$f1685-1750$4230$7ba</subfield>
    <subfield code="t">&#x421;&#x43E;&#x43D;&#x430;&#x442;&#x430;</subfield>
    <subfield code="a">&#x411;&#x430;&#x445;, &#x418;&#x43E;&#x433;&#x430;&#x43D;&#x43D; &#x421;&#x435;&#x431;&#x430;&#x441;&#x442;&#x44C;&#x44F;&#x43D; (1685-1750)</subfield>
  </datafield>
  <datafield tag="464" ind1=" " ind2="0">
    <subfield code="1">2001#$a&#x421;&#x43E;&#x43D;&#x430;&#x442;&#x430;$dSonata$e&#x434;&#x43B;&#x44F; &#x43A;&#x43B;&#x430;&#x432;&#x438;&#x440;&#x430; &#x438; &#x441;&#x43A;&#x440;&#x438;&#x43F;&#x43A;&#x438;$e&#x434;&#x43E; &#x43C;&#x438;&#x43D;.$eBWV 1017$f&#x418;. &#x421;.&#x411;&#x430;&#x445;$zeng</subfield>
    <subfield code="1">6061#$a&#x421;&#x43E;&#x43D;&#x430;&#x442;&#x44B; &#x434;&#x43B;&#x44F; &#x441;&#x43A;&#x440;&#x438;&#x43F;&#x43A;&#x438; &#x438; &#x43A;&#x43B;&#x430;&#x432;&#x438;&#x440;&#x430;$x&#x417;&#x432;&#x443;&#x43A;&#x43E;&#x437;&#x430;&#x43F;&#x438;&#x441;&#x44C;$y&#x413;&#x435;&#x440;&#x43C;&#x430;&#x43D;&#x438;&#x44F;$z18 &#x432;&#x435;&#x43A;$2nlr_sh</subfield>
    <subfield code="1">686##$a&#x429;955.4-041(4&#x413;)$vLBC/SL$2rubbk</subfield>
    <subfield code="1">700#1$9z01790$a&#x411;&#x430;&#x445;$b&#x418;. &#x421;.$g&#x418;&#x43E;&#x433;&#x430;&#x43D;&#x43D; &#x421;&#x435;&#x431;&#x430;&#x441;&#x442;&#x44C;&#x44F;&#x43D;$f1685-1750$4230$7ca</subfield>
    <subfield code="1">790#1$9z01700$aBach$bJ. S.$gJohann Sebastian$f1685-1750$4230$7ba</subfield>
    <subfield code="t">&#x421;&#x43E;&#x43D;&#x430;&#x442;&#x430;</subfield>
    <subfield code="a">&#x411;&#x430;&#x445;, &#x418;&#x43E;&#x433;&#x430;&#x43D;&#x43D; &#x421;&#x435;&#x431;&#x430;&#x441;&#x442;&#x44C;&#x44F;&#x43D; (1685-1750)</subfield>
  </datafield>
  <datafield tag="464" ind1=" " ind2="0">
    <subfield code="1">2001#$a&#x421;&#x43E;&#x43D;&#x430;&#x442;&#x430;$dSonata$e&#x434;&#x43B;&#x44F; &#x441;&#x43A;&#x440;&#x438;&#x43F;&#x43A;&#x438; &#x438; &#x43A;&#x43B;&#x430;&#x432;&#x438;&#x440;&#x430;$e&#x441;&#x43E;&#x43B;&#x44C; &#x43C;&#x438;&#x43D;.$e&#x441;&#x43E;&#x447;. 134$e(1968)$zeng$f&#x414;.&#x414;. &#x428;&#x43E;&#x441;&#x442;&#x430;&#x43A;&#x43E;&#x432;&#x438;&#x447;</subfield>
    <subfield code="1">6061#$a&#x421;&#x43E;&#x43D;&#x430;&#x442;&#x44B; &#x434;&#x43B;&#x44F; &#x441;&#x43A;&#x440;&#x438;&#x43F;&#x43A;&#x438; &#x438; &#x444;&#x43E;&#x440;&#x442;&#x435;&#x43F;&#x438;&#x430;&#x43D;&#x43E;$x&#x417;&#x432;&#x443;&#x43A;&#x43E;&#x437;&#x430;&#x43F;&#x438;&#x441;&#x44C;$y&#x420;&#x43E;&#x441;&#x441;&#x438;&#x44F;$z20 &#x432;.$2nlr_sh</subfield>
    <subfield code="1">686##$a&#x429;955.4-041(2)$vLBC/SL$2rubbk</subfield>
    <subfield code="1">700#1$9z01790$a&#x428;&#x43E;&#x441;&#x442;&#x430;&#x43A;&#x43E;&#x432;&#x438;&#x447;$b&#x414;. &#x414;.$g&#x414;&#x43C;&#x438;&#x442;&#x440;&#x438;&#x439; &#x414;&#x43C;&#x438;&#x442;&#x440;&#x438;&#x435;&#x432;&#x438;&#x447;$f1906-1975$4230$7ca</subfield>
    <subfield code="1">790#1$9z01700$a&#x160;ostakovi&#x10D;$bD. D.$gDmitrij Dmitrievi&#x10D;$f1906-1975$4230$7ba</subfield>
    <subfield code="t">&#x421;&#x43E;&#x43D;&#x430;&#x442;&#x430;</subfield>
    <subfield code="a">&#x428;&#x43E;&#x441;&#x442;&#x430;&#x43A;&#x43E;&#x432;&#x438;&#x447;, &#x414;&#x43C;&#x438;&#x442;&#x440;&#x438;&#x439; &#x414;&#x43C;&#x438;&#x442;&#x440;&#x438;&#x435;&#x432;&#x438;&#x447; (1906-1975)</subfield>
  </datafield>
  <datafield tag="686" ind1=" " ind2=" ">
    <subfield code="a">&#x429;955.4, 8(2)</subfield>
    <subfield code="v">LBC/SL</subfield>
    <subfield code="2">rubbk</subfield>
  </datafield>
  <datafield tag="700" ind1=" " ind2="1">
    <subfield code="9">z06790</subfield>
    <subfield code="a">&#x411;&#x435;&#x439;&#x43B;&#x438;&#x43D;&#x430;</subfield>
    <subfield code="b">&#x41D;. &#x41C;.</subfield>
    <subfield code="f">1931-2018</subfield>
    <subfield code="g">&#x41D;&#x438;&#x43D;&#x430; &#x41C;&#x438;&#x445;&#x430;&#x439;&#x43B;&#x43E;&#x432;&#x43D;&#x430;</subfield>
    <subfield code="4">590</subfield>
    <subfield code="7">ca</subfield>
  </datafield>
  <datafield tag="702" ind1=" " ind2="1">
    <subfield code="9">z07790</subfield>
    <subfield code="a">&#x411;&#x435;&#x439;&#x43B;&#x438;&#x43D;&#x430;</subfield>
    <subfield code="b">&#x41D;. &#x41C;.</subfield>
    <subfield code="f">1931-2018</subfield>
    <subfield code="g">&#x41D;&#x438;&#x43D;&#x430; &#x41C;&#x438;&#x445;&#x430;&#x439;&#x43B;&#x43E;&#x432;&#x43D;&#x430;</subfield>
    <subfield code="4">230</subfield>
    <subfield code="7">ca</subfield>
  </datafield>
  <datafield tag="702" ind1=" " ind2="1">
    <subfield code="9">z08790</subfield>
    <subfield code="a">&#x422;&#x438;&#x449;&#x435;&#x43D;&#x43A;&#x43E;</subfield>
    <subfield code="b">&#x411;. &#x418;.</subfield>
    <subfield code="f">1939-2010</subfield>
    <subfield code="g">&#x411;&#x43E;&#x440;&#x438;&#x441; &#x418;&#x432;&#x430;&#x43D;&#x43E;&#x432;&#x438;&#x447;</subfield>
    <subfield code="4">590</subfield>
    <subfield code="4">kfp</subfield>
  </datafield>
  <datafield tag="790" ind1=" " ind2="1">
    <subfield code="9">z06700</subfield>
    <subfield code="a">Beylina</subfield>
    <subfield code="b">N. M.</subfield>
    <subfield code="f">1937</subfield>
    <subfield code="g">Nina Mixajlovna</subfield>
    <subfield code="4">590</subfield>
    <subfield code="7">ba</subfield>
  </datafield>
  <datafield tag="790" ind1=" " ind2="1">
    <subfield code="9">z07702</subfield>
    <subfield code="a">Beylina</subfield>
    <subfield code="b">N. M.</subfield>
    <subfield code="f">1937</subfield>
    <subfield code="g">Nina Mixajlovna</subfield>
    <subfield code="4">230</subfield>
    <subfield code="7">ba</subfield>
  </datafield>
  <datafield tag="790" ind1=" " ind2="1">
    <subfield code="9">z08702</subfield>
    <subfield code="a">Ti&#x10D;&#x161;enko</subfield>
    <subfield code="b">B.</subfield>
    <subfield code="f">1939-2010</subfield>
    <subfield code="g">Boris</subfield>
    <subfield code="4">590</subfield>
    <subfield code="4">kfp</subfield>
  </datafield>
  <datafield tag="801" ind1=" " ind2="0">
    <subfield code="a">RU</subfield>
    <subfield code="b">NLR</subfield>
    <subfield code="c">20110303</subfield>
    <subfield code="g">PSBO</subfield>
  </datafield>
  <datafield tag="801" ind1=" " ind2="1">
    <subfield code="a">RU</subfield>
    <subfield code="b">NLR</subfield>
    <subfield code="c">20110303</subfield>
    <subfield code="2">rusmarc</subfield>
  </datafield>
  <datafield tag="801" ind1=" " ind2="2">
    <subfield code="a">RU</subfield>
    <subfield code="b">NLR</subfield>
    <subfield code="c">20151105</subfield>
  </datafield>
  <datafield tag="852" ind1=" " ind2=" ">
    <subfield code="a">NLR</subfield>
    <subfield code="b">&#x41C;&#x433;</subfield>
    <subfield code="j">&#x414;/1078</subfield>
    <subfield code="p">2619</subfield>
    <subfield code="t">1</subfield>
  </datafield>
  <datafield tag="942" ind1=" " ind2=" ">
    <subfield code="c">REC</subfield>
  </datafield>
  <datafield tag="980" ind1=" " ind2=" ">
    <subfield code="a">NB</subfield>
  </datafield>
  <datafield tag="980" ind1=" " ind2=" ">
    <subfield code="a">ONIZ</subfield>
  </datafield>
  <datafield tag="995" ind1=" " ind2=" ">
    <subfield code="5">2011-03-03</subfield>
    <subfield code="b">NLR01</subfield>
    <subfield code="c">NLR01</subfield>
    <subfield code="e">ONIZ</subfield>
    <subfield code="k">&#x414;/1078 &#x414;/1078</subfield>
    <subfield code="o">0</subfield>
    <subfield code="r">REC</subfield>
    <subfield code="s">1078_1078</subfield>
  </datafield>
</record>
